| 000 | 00782nam a22002057a 4500 | ||
|---|---|---|---|
| 999 |
_c18881 _d18881 |
||
| 003 | AR-CdUCM | ||
| 008 | 190515b ||||| |||| 00| 0 spa d | ||
| 020 | _a84 344 0732 9 | ||
| 040 |
_aMUNICIPALIDAD PROVINCIAL DEL CUSCO _cBIBLIOTECA MUNICIPAL DEL CUSCO |
||
| 082 |
_a663.710978 / _bO74 |
||
| 100 |
_aOrtiz, Fernando. _939778 |
||
| 245 | _aContrapunteo cubano del tabaco y el azúcar / | ||
| 260 |
_aBarcelona : _bAriel, _c1973. |
||
| 300 |
_a377 páginas ; _c19 cm. |
||
| 505 | _aContenido : Contrapunteo cubano del tabaco y el azúcar -- De como el tabaco fue descubierto en Cuba por los Europeos -- De la remolacha enemiga -- De la transculturacion del tabaco ... | ||
| 650 |
_aCuba. _91821 |
||
| 650 |
_aTabaco. _939779 |
||
| 942 |
_2ddc _cLIBROS |
||
| 945 |
_arum _d2019-05-15 |
||